FC Luzern Top 10 teuerste Transfers - Statistiken

Allgemein
  • Dieses Quiz wurde 24 mal gespielt
  • Das Durchschnittsergebnis liegt bei 3 aus 10
Antwortstatistiken
Preis Spieler Vorheriger Verein % Korrekt
1.00 Mio. Joaquin Ardaiz FC Schaffhausen
100%
800 Tsd. Blessing Eleke FC Ashdod
29%
900 Tsd. Ibrahima Ndiaye Wadi Degla
29%
940 Tsd. Samuel Alabi FC Ashdod
29%
640 Tsd. Francesco Margiotta Lausanne-Sport
21%
650 Tsd. Tsiy Ndenge Bor. M' Gladbach
21%
500 Tsd. Dimitar Rangelov Bor. Dortmund
14%
850 Tsd. Dario Lezcano FC Thun
7%
500 Tsd. Francois Affolter BSC Young Boys
7%
500 Tsd. Otar Kakabadze Gimnastic
0%
Keine übereinstimmenden Quizze gefunden
Verteilung der Resultate
Anzahl Personen mit jedem Resultat
Perzentil nach korrekt beantworteten Fragen
Ihre Resultats-Entwicklung
Sie haben dieses Quiz noch nicht gespielt